000 00716nam a22001937a 4500
008 151208b xxu||||| |||| 00| 0 eng d
020 _a9780813925295
050 _aBV3625.B5J33 2005
100 _aCouzens, Tim
_921280
245 _aMurder at Morija:
_bFaith, mystery, and tragedy on an African Mission
_c/ Tim Couzens
260 _aLondon
_bUniversity of Virginia Press
_c2005
300 _axx, 474p. ;
_c23cm.
600 _aJacottet, Edouard
_d1858-1920
_921281
650 _aMissionaries
_xBiography
_zLesotho
_921282
650 _aMissionaries
_xBiography
_zSwitzerland
_921283
650 _aMurder
_xMorija
_zLesotho
_921284
650 _aSociete des missions evangeliques de Paris
_921285
942 _2lcc
_cMONOGRAPH
999 _c123862
_d123862